| 000 | 01234nam a22003137i 4500 | ||
|---|---|---|---|
| 999 |
_c23360 _d23360 |
||
| 003 | AR-CdUCM | ||
| 008 | 250818b20192019 pe||||| |||| 00| 0 spa d | ||
| 040 |
_aMUNICIPALIDAD PROVINCIAL DEL CUSCO _cBIBLIOTECA MUNICIPAL DEL CUSCO |
||
| 041 | _hspa | ||
| 082 |
_a373.985613 / M84 _bM84 |
||
| 100 |
_aMontes Díaz, René _951353 |
||
| 245 |
_a Libro de Oro - Institución Educativa "La Convención" : _b50 Años Bodas de Oro - Rumbo a la excelencia / |
||
| 260 |
_aLa Convención : _bAutor-Editor _c2013 |
||
| 300 |
_a186 páginas. : _c30x21 cm. |
||
| 505 | _aHistoria de la provincia de La Convención -- La educación en la provincia -- Organización de la I. E. La Convención -- Docentes y directores que laboraron | ||
| 650 |
_aProvincia de la Convención _951354 |
||
| 650 |
_aPersonajes ilustres _951355 |
||
| 650 |
_aLa rebelión campesina _951356 |
||
| 650 |
_aLa Malaria _951357 |
||
| 650 |
_aLos montoneros _951358 |
||
| 650 |
_aVisión - Misión _951359 |
||
| 650 |
_aAnécdotas _92139 |
||
| 650 |
_aAnécdotas _92139 |
||
| 700 |
_aAlvarez Cahuana, Marcia _951360 |
||
| 700 |
_aCondori Sequeiros, Silvia _951361 |
||
| 700 |
_aSanz Ugarte, Felicitas _951362 |
||
| 942 |
_2ddc _cLIBROS |
||
| 945 |
_apbjr _d18-08-2025 |
||